Paragon Mortgages buy-to-let index (Record no. 105979)
[ view plain ]
| 000 -LEADER | |
|---|---|
| fixed length control field | 01920cam a2200229 4500 |
| 001 - CONTROL NUMBER | |
| control field | ##L135278 |
| 008 - FIXED-LENGTH DATA ELEMENTS--GENERAL INFORMATION | |
| fixed length control field | 061010n2006 000 0 eng u |
| 035 ## - SYSTEM CONTROL NUMBER | |
| System control number | (Sirsi) u135278 |
| 041 0# - LANGUAGE CODE | |
| Language code of text/sound track or separate title | eng |
| 050 04 - LIBRARY OF CONGRESS CALL NUMBER | |
| Classification number | 332.6324 $2 18 |
| 110 2# - MAIN ENTRY--CORPORATE NAME | |
| Corporate name or jurisdiction name as entry element | Paragon Mortgages |
| 9 (RLIN) | 4976 |
| 245 00 - TITLE STATEMENT | |
| Title | Paragon Mortgages buy-to-let index |
| Remainder of title | August 2006 |
| 260 ## - PUBLICATION, DISTRIBUTION, ETC. | |
| Place of publication, distribution, etc. | Solihull |
| Name of publisher, distributor, etc. | Paragon Mortgages |
| Date of publication, distribution, etc. | 2006 |
| 490 #0 - SERIES STATEMENT | |
| Series statement | Paragon Mortgages Buy-to-Let Index |
| Volume/sequential designation | August 2006 |
| 505 0# - FORMATTED CONTENTS NOTE | |
| Formatted contents note | Highlights -- Averages -- Rental yield average for England and Wales -- Property value and rental income average for England and Wales -- Landlord property value, rental value, yield and percentage change by region -- Landlord property yields by region -- Landlord property values by region -- Landlord rental incomes by region -- Landlord property value, rental value, yield and percentage change by property type |
| 520 ## - SUMMARY, ETC. | |
| Summary, etc. | Yields remained stable in July at 6.04% and were highest in East Midlands (6.60%), Wales (6.41%) and northwest England (6.37%). Property values fell slightly by £776 or 0.45% as the market marks a seasonal slowdown but remain 4.7% higher than three months ago. Rental incomes eased by a similar percentage (0.39%) in the month to July. Over the past quarter, rents have risen by almost 2.8%. Nine regions out of 10 have seen a rise in rents this quarter, led by East Anglia, northern England, Greater London and the East Midlands. In July East Anglia heads the table in terms of overall returns. The total return on a typical property in East Anglia bought 12 months ago was 34.06%, ahead of Greater London at 28.53%. Tables and graphs. |
| 650 24 - SUBJECT ADDED ENTRY--TOPICAL TERM | |
| Topical term or geographic name entry element | PARAGON MORTGAGES BUY-TO-LET INDEX |
| 651 #4 - SUBJECT ADDED ENTRY--GEOGRAPHIC NAME | |
| Geographic name | England and Wales |
| Chronological subdivision | 1543- |
| 690 ## - LOCAL SUBJECT ADDED ENTRY--TOPICAL TERM (OCLC, RLIN) | |
| Topical term or geographic name as entry element | PROPERTY-RESIDENTIAL PROPERTY-RESIDENTIAL PROPERTY MARKET |
| 856 40 - ELECTRONIC LOCATION AND ACCESS | |
| Uniform Resource Identifier | <a href="https://www.paragon-mortgages.co.uk/">https://www.paragon-mortgages.co.uk/</a> |
| Public note | View the index free of charge at www.paragon-mortgages.co.uk... |
| 942 ## - ADDED ENTRY ELEMENTS (KOHA) | |
| Suppress in OPAC | 0 |
| Withdrawn status | Lost status | Source of classification or shelving scheme | Damaged status | Not for loan | Home library | Current library | Shelving location | Date acquired | Total Checkouts | Full call number | Barcode | Date last seen | Copy number | Price effective from | Koha item type |
|---|---|---|---|---|---|---|---|---|---|---|---|---|---|---|---|
| Dewey Decimal Classification | Virtual | Virtual | Online | 10/10/2006 | ONLINE PUBLICATION | 135278-2001 | 06/08/2019 | 1 | 06/08/2019 | Book |